Informe /
Gespeichert in:
| 1. Verfasser: | |
|---|---|
| Format: | Text |
| Sprache: | Spanish |
| Schlagworte: | |
| Tags: |
Tag hinzufügen
Keine Tags, Fügen Sie den ersten Tag hinzu!
|
MARC
| LEADER | 00000 a a2200000 04500 | ||
|---|---|---|---|
| 003 | cru CRAI/IIS | ||
| 005 | 20210519111727.0 | ||
| 008 | 210519b |||||||| |||| 00| 0 spa d | ||
| 040 | |c cru CRAI/IIS | ||
| 100 | 1 | |9 9975 |a Kowarick, Lucio |e Autor | |
| 245 | 1 | |a Informe / |c Lucio Kowarick | |
| 300 | |a páginas 131-134 | ||
| 650 | 0 | |a INFORMES |9 9977 | |
| 650 | 4 | |a POBLACION |9 2602 | |
| 650 | 4 | |a INVESTIGACION |9 1930 | |
| 650 | 0 | |a CONDICIONES SOCIALES |9 533 | |
| 773 | 0 | |0 18875 |9 5303 |a Universidad de Costa Rica. |d San José, Costa Rica: Universidad de Costa Rica. Consejo Superior Universitario Centroamericano, 1972- |o 14344 |t Estudios Sociales Centroamericanos / |x 03039676 | |
| 942 | |2 ddc |c PP | ||
| 999 | |c 43679 |d 43679 | ||
